00988nam a22001937a 450000500170000000800420001705000220005911100670008124501330014825000110028126000860029230000210037850400270039965001140042665000810054094200130062199900190063495201410065320231121145438.0230103s mx frg||| 00| 0 spa|du04aKGF4066bC46 20021 aCentro de Investigación Aduanera y de Comercio Internacional10aTarifa del impuesto general de importación y exportación c / Centro de Investigación Aduanera y de Comercio Internacional a1a ed. aMéxico :bCentro de Investigación Aduanera y de Comercio Internacional,c2002 a546 p. ;c22 cm. aIncluye bibliografía4 aImpuestos de importaciones y exportacionesxRegulación de la industria, el comercio y el comerciozMéxico4 aControles de exportación e importaciónxComercio InternacionalzMéxico 2lcccLIB c140048d140046 102lcc4078aLIC-029bLIC-029cGENERALd2023-11-21f1a ed.iCEAkCSAoKGF4066 C46 2002pBFE000013553r2018-04-18 00:00:00t1v1.00yLIB